书目信息 |
| 题名: |
名词
|
|
| 作者: | 李庆祥 著 | |
| 分册: | ||
| 出版信息: | 北京 外语教学与研究出版社 1998.12 |
|
| 页数: | 235页 | |
| 开本: | 32开 | |
| 丛书名: | ||
| 单 册: | ||
| 中图分类: | H364.2 | |
| 科图分类: | ||
| 主题词: | 日语 | |
| 电子资源: | ||
| ISBN: | 7-5600-1462-3 | |
| 000 | 00521nam0 2200193 45 | |
| 001 | 0009131135 | |
| 005 | 20000913111835.2 | |
| 010 | @a7-5600-1462-3@d9.90元 | |
| 100 | @a20000913d1998 km y0chiy0120 ea | |
| 101 | 0 | @achi |
| 105 | @a z 000yy | |
| 200 | 1 | @a名词@AMing Ci@f李庆祥等著@FLi Qing Xiang Deng Zhu |
| 210 | @a北京@c外语教学与研究出版社@d1998.12 | |
| 215 | @a235页@d32开 | |
| 606 | 0 | @a日语 |
| 690 | @aH364.2@v3 | |
| 701 | 0 | @a李庆祥@4著 |
| 801 | @aCN@bPftUser@c20000913 | |
| 905 | @b139442-446@dH364.2@eL896@f5 | |
| 名词/李庆祥等著.-北京:外语教学与研究出版社,1998.12 |
| 235页;32开 |
| ISBN 7-5600-1462-3:9.90元 |
| ● |
| 相关链接 |
|
|
|
正题名:名词
索取号:H364.2/L896
 
预约/预借
| 序号 | 登录号 | 条形码 | 馆藏地/架位号 | 状态 | 备注 |
| 1 | 139442 | 201394428 | 语言库209/209语言库 129排1列5层/ [索取号:H364.2/L896] | 在馆 | |
| 2 | 139443 | 201394437 | 语言库209/209语言库 129排1列5层/ [索取号:H364.2/L896] | 在馆 | |
| 3 | 139444 | 201394446 | 语言库209/209语言库 129排1列5层/ [索取号:H364.2/L896] | 在馆 | |
| 4 | 139445 | 201394455 | 语言库209/209语言库 129排1列5层/ [索取号:H364.2/L896] | 在馆 | |
| 5 | 139446 | 201394464 | 语言库209/209语言库 129排1列5层/ [索取号:H364.2/L896] | 在馆 |